00356nam a2200109Ia 4500008004100000020001800041100002100059245008300080260002000163650002200183856004100205171212s9999 xx 000 0 und d a9781787350052 aBoulter, Michael cBoulter, MichaelaBloomsbury ScientistsbScience and Art in the Wake of Darwin bUCL Pressc2017 aArt & Art History uhttp://jstor.org/stable/j.ctt1vxm8sr